<?xml version="1.0" encoding="UTF-8"?>
<collection xmlns="http://www.loc.gov/MARC21/slim">
 <record>
  <leader>05678cam a2201021   4500</leader>
  <controlfield tag="001">717773744</controlfield>
  <controlfield tag="003">DE-627</controlfield>
  <controlfield tag="005">20241214204935.0</controlfield>
  <controlfield tag="007">tu</controlfield>
  <controlfield tag="008">120615s2013    gw |||||      00| ||ger c</controlfield>
  <datafield tag="010" ind1=" " ind2=" ">
   <subfield code="a">  2013389702</subfield>
  </datafield>
  <datafield tag="015" ind1=" " ind2=" ">
   <subfield code="a">11,N29</subfield>
   <subfield code="2">dnb</subfield>
  </datafield>
  <datafield tag="016" ind1="7" ind2=" ">
   <subfield code="a">1013583140</subfield>
   <subfield code="2">DE-101</subfield>
  </datafield>
  <datafield tag="020" ind1=" " ind2=" ">
   <subfield code="a">3050055596</subfield>
   <subfield code="9">3-05-005559-6</subfield>
  </datafield>
  <datafield tag="020" ind1=" " ind2=" ">
   <subfield code="a">9783050055596</subfield>
   <subfield code="c">Gb. : ca. EUR 79.80 (DE)</subfield>
   <subfield code="9">978-3-05-005559-6</subfield>
  </datafield>
  <datafield tag="020" ind1=" " ind2=" ">
   <subfield code="z">9783050055599</subfield>
  </datafield>
  <datafield tag="024" ind1="3" ind2=" ">
   <subfield code="a">9783050055596</subfield>
  </datafield>
  <datafield tag="035" ind1=" " ind2=" ">
   <subfield code="a">(DE-627)717773744</subfield>
  </datafield>
  <datafield tag="035" ind1=" " ind2=" ">
   <subfield code="a">(DE-576)392862956</subfield>
  </datafield>
  <datafield tag="035" ind1=" " ind2=" ">
   <subfield code="a">(DE-599)GBV717773744</subfield>
  </datafield>
  <datafield tag="035" ind1=" " ind2=" ">
   <subfield code="a">(OCoLC)854992083</subfield>
  </datafield>
  <datafield tag="035" ind1=" " ind2=" ">
   <subfield code="a">(OCoLC)858048169</subfield>
  </datafield>
  <datafield tag="040" ind1=" " ind2=" ">
   <subfield code="a">DE-627</subfield>
   <subfield code="b">ger</subfield>
   <subfield code="c">DE-627</subfield>
   <subfield code="e">rakwb</subfield>
  </datafield>
  <datafield tag="041" ind1=" " ind2=" ">
   <subfield code="a">ger</subfield>
  </datafield>
  <datafield tag="044" ind1=" " ind2=" ">
   <subfield code="c">XA-DE</subfield>
   <subfield code="c">XA-DE-BE</subfield>
  </datafield>
  <datafield tag="050" ind1=" " ind2="0">
   <subfield code="a">N7483.S345</subfield>
  </datafield>
  <datafield tag="072" ind1=" " ind2="7">
   <subfield code="a">ART 000000</subfield>
   <subfield code="2">bisacsh</subfield>
  </datafield>
  <datafield tag="072" ind1=" " ind2="7">
   <subfield code="a">ART000000</subfield>
   <subfield code="2">bisacsh</subfield>
  </datafield>
  <datafield tag="082" ind1="0" ind2=" ">
   <subfield code="a">700</subfield>
   <subfield code="q">BSZ</subfield>
  </datafield>
  <datafield tag="082" ind1="0" ind2="4">
   <subfield code="a">3</subfield>
   <subfield code="q">DNB</subfield>
  </datafield>
  <datafield tag="082" ind1="0" ind2="4">
   <subfield code="a">700</subfield>
  </datafield>
  <datafield tag="084" ind1=" " ind2=" ">
   <subfield code="a">9,10</subfield>
   <subfield code="2">ssgn</subfield>
  </datafield>
  <datafield tag="084" ind1=" " ind2=" ">
   <subfield code="a">LH 63699</subfield>
   <subfield code="2">rvk</subfield>
   <subfield code="0">(DE-625)rvk/94422:</subfield>
  </datafield>
  <datafield tag="084" ind1=" " ind2=" ">
   <subfield code="a">20.01</subfield>
   <subfield code="2">bkl</subfield>
  </datafield>
  <datafield tag="090" ind1=" " ind2=" ">
   <subfield code="a">a</subfield>
  </datafield>
  <datafield tag="245" ind1="1" ind2="0">
   <subfield code="a">Alois J. Schardt</subfield>
   <subfield code="b">ein Kunsthistoriker zwischen Weimarer Republik, &quot;Drittem Reich&quot; und Exil in Amerika</subfield>
   <subfield code="c">Ruth Heftrig; Olaf Peters; Ulrich Rehm (Hrsg.)</subfield>
  </datafield>
  <datafield tag="264" ind1=" " ind2="1">
   <subfield code="a">Berlin</subfield>
   <subfield code="b">Akademie-Verl.</subfield>
   <subfield code="c">2013</subfield>
  </datafield>
  <datafield tag="300" ind1=" " ind2=" ">
   <subfield code="a">XIX, 272 S.</subfield>
   <subfield code="b">Ill.</subfield>
   <subfield code="c">25 cm</subfield>
  </datafield>
  <datafield tag="336" ind1=" " ind2=" ">
   <subfield code="a">Text</subfield>
   <subfield code="b">txt</subfield>
   <subfield code="2">rdacontent</subfield>
  </datafield>
  <datafield tag="337" ind1=" " ind2=" ">
   <subfield code="a">ohne Hilfsmittel zu benutzen</subfield>
   <subfield code="b">n</subfield>
   <subfield code="2">rdamedia</subfield>
  </datafield>
  <datafield tag="338" ind1=" " ind2=" ">
   <subfield code="a">Band</subfield>
   <subfield code="b">nc</subfield>
   <subfield code="2">rdacarrier</subfield>
  </datafield>
  <datafield tag="490" ind1="1" ind2=" ">
   <subfield code="a">Schriften zur modernen Kunsthistoriographie</subfield>
   <subfield code="v">4</subfield>
  </datafield>
  <datafield tag="500" ind1=" " ind2=" ">
   <subfield code="a">Literaturangaben</subfield>
  </datafield>
  <datafield tag="505" ind1="8" ind2="0">
   <subfield code="t">Kunstgeschichte, mal quantitativ. Zur sozialen basis kunsthistorischer Theorie un Praxis</subfield>
   <subfield code="r">Heinrich DillyVerstandeskultur</subfield>
  </datafield>
  <datafield tag="505" ind1="8" ind2="0">
   <subfield code="t">Kunstbetrachtung ; Gefühlskultur. Alois J. Schardt und der Expressionismus zu Beginn der Weinmarer Republik</subfield>
   <subfield code="r">Olaf Peters</subfield>
  </datafield>
  <datafield tag="505" ind1="8" ind2="0">
   <subfield code="t">Verstandeskultur ; Kunstbetrachtung ; Gefühlskultur (1921)</subfield>
   <subfield code="r">Alois J. Schardt</subfield>
  </datafield>
  <datafield tag="505" ind1="8" ind2="0">
   <subfield code="t">Emil Utitz' Schriften zur Kunstkritik des Expressionismus</subfield>
   <subfield code="r">Franziska Uhlig</subfield>
  </datafield>
  <datafield tag="505" ind1="8" ind2="0">
   <subfield code="t">Botschafter der Moderne? Zur Lehrtätigkeit von Museumsmitarbeitern an den Universitäten</subfield>
   <subfield code="r">Ruth Heftrig</subfield>
  </datafield>
  <datafield tag="505" ind1="8" ind2="0">
   <subfield code="t">Kunstwerk als Instanz. Alois Schardts Beitrag zur Museologie des 20. Jahrhunderts</subfield>
   <subfield code="r">Katja Schneider</subfield>
  </datafield>
  <datafield tag="505" ind1="8" ind2="0">
   <subfield code="t">Alois Schardt un die Nationalgalerie ; eine Episode im Spiegel der Akten des Zentralarchivs der Staatlichen Museen zu Berlin</subfield>
   <subfield code="r">Jörn Grabowski.</subfield>
  </datafield>
  <datafield tag="583" ind1="1" ind2=" ">
   <subfield code="a">Archivierung/Langzeitarchivierung gewährleistet</subfield>
   <subfield code="f">SSG</subfield>
   <subfield code="x">XA-DE-BW</subfield>
   <subfield code="2">pdager</subfield>
   <subfield code="5">DE-16</subfield>
  </datafield>
  <datafield tag="583" ind1="1" ind2=" ">
   <subfield code="a">Archivierung prüfen</subfield>
   <subfield code="c">20240324</subfield>
   <subfield code="f">DE-4165</subfield>
   <subfield code="z">1</subfield>
   <subfield code="2">pdager</subfield>
  </datafield>
  <datafield tag="600" ind1="1" ind2="0">
   <subfield code="a">Schardt, Alois J</subfield>
   <subfield code="q">(Alois Jakob)</subfield>
   <subfield code="d">1889-1955</subfield>
  </datafield>
  <datafield tag="650" ind1=" " ind2="0">
   <subfield code="a">Art</subfield>
   <subfield code="x">Historiography</subfield>
   <subfield code="y">20th century</subfield>
  </datafield>
  <datafield tag="650" ind1=" " ind2="0">
   <subfield code="a">Art historians</subfield>
   <subfield code="z">Germany</subfield>
  </datafield>
  <datafield tag="655" ind1=" " ind2="7">
   <subfield code="a">Aufsatzsammlung</subfield>
   <subfield code="0">(DE-588)4143413-4</subfield>
   <subfield code="0">(DE-627)105605727</subfield>
   <subfield code="0">(DE-576)209726091</subfield>
   <subfield code="2">gnd-content</subfield>
  </datafield>
  <datafield tag="655" ind1=" " ind2="7">
   <subfield code="a">Konferenzschrift</subfield>
   <subfield code="0">(DE-588)1071861417</subfield>
   <subfield code="0">(DE-627)826484824</subfield>
   <subfield code="0">(DE-576)433375485</subfield>
   <subfield code="2">gnd-content</subfield>
  </datafield>
  <datafield tag="655" ind1=" " ind2="7">
   <subfield code="a">Quelle</subfield>
   <subfield code="0">(DE-588)4135952-5</subfield>
   <subfield code="0">(DE-627)105661236</subfield>
   <subfield code="0">(DE-576)209665084</subfield>
   <subfield code="2">gnd-content</subfield>
  </datafield>
  <datafield tag="655" ind1=" " ind2="7">
   <subfield code="a">Konferenzschrift</subfield>
   <subfield code="y">2009</subfield>
   <subfield code="z">Halle (Saale)</subfield>
   <subfield code="0">(DE-588)1071861417</subfield>
   <subfield code="0">(DE-627)826484824</subfield>
   <subfield code="0">(DE-576)433375485</subfield>
   <subfield code="2">gnd-content</subfield>
  </datafield>
  <datafield tag="689" ind1="0" ind2="0">
   <subfield code="d">p</subfield>
   <subfield code="0">(DE-588)117106194</subfield>
   <subfield code="0">(DE-627)078558069</subfield>
   <subfield code="0">(DE-576)216688965</subfield>
   <subfield code="a">Schardt, Alois</subfield>
   <subfield code="d">1889-1955</subfield>
   <subfield code="2">gnd</subfield>
  </datafield>
  <datafield tag="689" ind1="0" ind2=" ">
   <subfield code="5">DE-101</subfield>
  </datafield>
  <datafield tag="689" ind1="1" ind2="0">
   <subfield code="d">s</subfield>
   <subfield code="0">(DE-588)4114333-4</subfield>
   <subfield code="0">(DE-627)105822957</subfield>
   <subfield code="0">(DE-576)209483733</subfield>
   <subfield code="a">Kunst</subfield>
   <subfield code="2">gnd</subfield>
  </datafield>
  <datafield tag="689" ind1="1" ind2="1">
   <subfield code="a">z</subfield>
   <subfield code="2">gnd</subfield>
   <subfield code="a">Geschichte 1921-1945</subfield>
  </datafield>
  <datafield tag="689" ind1="1" ind2=" ">
   <subfield code="5">DE-101</subfield>
  </datafield>
  <datafield tag="689" ind1="2" ind2="0">
   <subfield code="d">p</subfield>
   <subfield code="0">(DE-588)117106194</subfield>
   <subfield code="0">(DE-627)078558069</subfield>
   <subfield code="0">(DE-576)216688965</subfield>
   <subfield code="a">Schardt, Alois</subfield>
   <subfield code="d">1889-1955</subfield>
   <subfield code="2">gnd</subfield>
  </datafield>
  <datafield tag="689" ind1="2" ind2=" ">
   <subfield code="5">(DE-627)</subfield>
  </datafield>
  <datafield tag="700" ind1="1" ind2=" ">
   <subfield code="a">Heftrig, Ruth</subfield>
   <subfield code="d">1976-</subfield>
   <subfield code="e">Hrsg.</subfield>
   <subfield code="0">(DE-588)132335328</subfield>
   <subfield code="0">(DE-627)521435897</subfield>
   <subfield code="0">(DE-576)299082474</subfield>
   <subfield code="4">edt</subfield>
  </datafield>
  <datafield tag="700" ind1="1" ind2=" ">
   <subfield code="a">Peters, Olaf</subfield>
   <subfield code="d">1964-</subfield>
   <subfield code="0">(DE-588)130458309</subfield>
   <subfield code="0">(DE-627)501848908</subfield>
   <subfield code="0">(DE-576)298208113</subfield>
   <subfield code="4">oth</subfield>
  </datafield>
  <datafield tag="700" ind1="1" ind2=" ">
   <subfield code="a">Rehm, Ulrich</subfield>
   <subfield code="d">1964-</subfield>
   <subfield code="0">(DE-588)124404766</subfield>
   <subfield code="0">(DE-627)363324100</subfield>
   <subfield code="0">(DE-576)294156593</subfield>
   <subfield code="4">oth</subfield>
  </datafield>
  <datafield tag="700" ind1="1" ind2=" ">
   <subfield code="a">Schardt, Alois</subfield>
   <subfield code="d">1889-1955</subfield>
   <subfield code="0">(DE-588)117106194</subfield>
   <subfield code="0">(DE-627)078558069</subfield>
   <subfield code="0">(DE-576)216688965</subfield>
   <subfield code="4">oth</subfield>
  </datafield>
  <datafield tag="776" ind1="0" ind2="8">
   <subfield code="i">Erscheint auch als</subfield>
   <subfield code="n">Online-Ausgabe</subfield>
   <subfield code="t">Alois J. Schardt</subfield>
   <subfield code="d">Berlin : De Gruyter, 2013</subfield>
   <subfield code="h">XIX, 272 S.</subfield>
   <subfield code="w">(DE-627)1656065983</subfield>
   <subfield code="w">(DE-576)405130503</subfield>
   <subfield code="z">9783050055596</subfield>
  </datafield>
  <datafield tag="787" ind1="0" ind2="8">
   <subfield code="i">Rezensiert in</subfield>
   <subfield code="a">Meyer, Andrea, 1968 - </subfield>
   <subfield code="t">[Rezension von: Ruth Heftrig / Olaf Peters / Ulrich Rehm (Hrsg.), Alois J. Schardt. Ein Kunsthistoriker zwischen Weimarer Republik, &quot;Drittem Reich&quot; und Exil in Amerika]</subfield>
   <subfield code="d">2014</subfield>
   <subfield code="w">(DE-627)1798097168</subfield>
  </datafield>
  <datafield tag="830" ind1=" " ind2="0">
   <subfield code="a">Schriften zur modernen Kunsthistoriographie</subfield>
   <subfield code="v">4</subfield>
   <subfield code="9">4</subfield>
   <subfield code="w">(DE-627)558026109</subfield>
   <subfield code="w">(DE-576)277926130</subfield>
   <subfield code="w">(DE-600)2409330-0</subfield>
   <subfield code="7">ns</subfield>
  </datafield>
  <datafield tag="856" ind1="4" ind2="2">
   <subfield code="u">http://d-nb.info/1013583140/04</subfield>
   <subfield code="m">B:DE-101</subfield>
   <subfield code="q">pdf/application</subfield>
   <subfield code="v">20160529003401</subfield>
   <subfield code="x">Verlag</subfield>
   <subfield code="3">Inhaltsverzeichnis</subfield>
  </datafield>
  <datafield tag="856" ind1="4" ind2="2">
   <subfield code="u">https://swbplus.bsz-bw.de/bsz392862956rez.htm</subfield>
   <subfield code="m">B:DE-576;DE-16</subfield>
   <subfield code="q">application/pdf</subfield>
   <subfield code="v">20140220102000</subfield>
   <subfield code="x">Verlag</subfield>
   <subfield code="3">Rezension</subfield>
  </datafield>
  <datafield tag="856" ind1="4" ind2="2">
   <subfield code="u">http://www.sehepunkte.de/2014/02/24753.html</subfield>
   <subfield code="m">V:DE-576;X:Sehepunkte</subfield>
   <subfield code="q">text/html</subfield>
   <subfield code="v">20180417093821</subfield>
   <subfield code="3">Rezension</subfield>
  </datafield>
  <datafield tag="856" ind1="4" ind2="2">
   <subfield code="u">http://bvbr.bib-bvb.de:8991/F?func=service&amp;doc_library=BVB01&amp;local_base=BVB01&amp;doc_number=026247193&amp;line_number=0001&amp;func_code=DB_RECORDS&amp;service_type=MEDIA</subfield>
   <subfield code="v">2014-12-16</subfield>
   <subfield code="x">Verlag</subfield>
   <subfield code="z">Inhaltsverzeichnis</subfield>
  </datafield>
  <datafield tag="935" ind1=" " ind2=" ">
   <subfield code="i">sf</subfield>
  </datafield>
  <datafield tag="935" ind1=" " ind2=" ">
   <subfield code="i">Blocktest</subfield>
  </datafield>
  <datafield tag="936" ind1="r" ind2="v">
   <subfield code="a">LH 63699</subfield>
   <subfield code="b">Sonstige</subfield>
   <subfield code="k">Kunstgeschichte</subfield>
   <subfield code="k">Allgemeines. Allgemeine Kunstgeschichte</subfield>
   <subfield code="k">Geschichte der Kunstwissenschaft</subfield>
   <subfield code="k">Schriften über Kunsthistoriker</subfield>
   <subfield code="k">Einzeldarstellungen (Autobiografien,Biografien, Festansprachen, Leichenreden, Nachrufe u. dergl.)</subfield>
   <subfield code="k">Sonstige</subfield>
   <subfield code="0">(DE-627)1270643096</subfield>
   <subfield code="0">(DE-625)rvk/94422:</subfield>
   <subfield code="0">(DE-576)200643096</subfield>
  </datafield>
  <datafield tag="936" ind1="b" ind2="k">
   <subfield code="a">20.01</subfield>
   <subfield code="j">Geschichte der Kunstwissenschaften</subfield>
   <subfield code="0">(DE-627)106406485</subfield>
  </datafield>
  <datafield tag="951" ind1=" " ind2=" ">
   <subfield code="a">BO</subfield>
  </datafield>
  <datafield tag="990" ind1=" " ind2=" ">
   <subfield code="a">Schardt, Alois</subfield>
  </datafield>
  <datafield tag="990" ind1=" " ind2=" ">
   <subfield code="a">Kunst</subfield>
  </datafield>
  <datafield tag="990" ind1=" " ind2=" ">
   <subfield code="a">Geschichte 1921-1945</subfield>
  </datafield>
  <datafield tag="990" ind1=" " ind2=" ">
   <subfield code="a">Schardt, Alois</subfield>
  </datafield>
  <datafield tag="991" ind1=" " ind2=" ">
   <subfield code="a">Rezensiertes Werk</subfield>
  </datafield>
  <datafield tag="999" ind1=" " ind2=" ">
   <subfield code="a">KXP-PPN717773744</subfield>
   <subfield code="e">4179812029</subfield>
  </datafield>
 </record>
</collection>
